Τα Ελευσίνια μυστήρια

Αποθηκεύτηκε σε:
Λεπτομέρειες βιβλιογραφικής εγγραφής
Κύριος συγγραφέας: Foucart, Paul Francois, 1836-1926
Άλλοι συγγραφείς: Παπαθανασοπούλου, Δέσποινα (trlf), Κεκροπούλου, Ελένη (edtf)
Μορφή: Βιβλίο
Γλώσσα:Greek
French
Δημοσίευση: Αθήνα : Ενάλιος, 2000.
Έκδοση:4η έκδ.
Σειρά:Σειρά Ιστορικό δοκίμιο
Θέματα:
Ετικέτες: Προσθήκη ετικέτας
Δεν υπάρχουν, Καταχωρήστε ετικέτα πρώτοι!

MARC

LEADER 00000cam a2200000 i 4500
001 1/78952
008 050617s2000 gr | ||| |||| ||gre||
020 |a 9605360586 
035 |l 10078636 
040 |a GR-MyUA  |b gre  |e AACR2 
041 1 |a gre  |h fre 
082 0 |a 292.3  |2 (22) 
100 1 |a Foucart, Paul Francois,   |d 1836-1926. 
245 1 3 |a Τα Ελευσίνια μυστήρια /   |c Πολ Φουκάρ ; μετάφραση από τα γαλλικά Δέσποινα Παπαθανασοπούλου ; επιμέλεια Ελένη Κεκροπούλου.  
250 |a 4η έκδ.  
260 |a Αθήνα :   |b Ενάλιος,   |c 2000.  
300 |a 571 σ. ;   |c 21 εκ.  
490 1 |a (Ιστορικό δοκίμιο)  
500 |a Τίτλος πρωτοτύπου: Les mysteres d'Eleusis.  
650 0 0 |a Eleusinian mysteries. 
700 1 |a Παπαθανασοπούλου, Δέσποινα,  |e trlf 
700 1 |a Κεκροπούλου, Ελένη,  |e edtf 
830 0 |a Σειρά Ιστορικό δοκίμιο 
852 |a INST  |b LESVOS  |e 20050617  |h 292.3 FOU  |p 005100027559  |q 005100027559  |t BK  |y 0 
852 |a INST  |b RHODES  |e 20131213  |h 292.3 FOU  |p 005400035902  |q 005400035902  |t BK  |y 0 
901 |a BIBL1-2005-2 
901 |a BIBL4-2013-3 
909 |a Λ  |b 120762 
909 |a Ρ  |b 182410 
922 |a 1ΕΛΗ  |b 200506  |c ΤΑΚ/ΚΥΒ  |d ΕΙΡΜΟΣ 
970 |a ΚΑΜΑΤΣΟΥ  |b ΔΕΣΠΟΙΝΑ  |z 2005/06/17